[Event "17th Rakosmente Open"]
[Site "1174 Szabadság utca 24. I. em"]
[Date "2019.03.17"]
[Round "5.2"]
[White "Sulcz, Istvan"]
[Black "Safar, Istvan"]
[Result "0-1"]
[WhiteElo "1810"]
[BlackElo "1695"]
[PlyCount "110"]
[EventDate "2019.03.15"]

1. Nf3 c5 2. c4 g6 3. Nc3 Bg7 4. d4 b6 5. g3 Bb7 6. d5 d6 7. Bd2 Nd7 8. Bg2
Ngf6 9. O-O O-O 10. Re1 Ng4 11. h3 Nge5 12. Nxe5 Nxe5 13. b3 Rb8 14. Qc1 Re8
15. f4 Nd7 16. e4 a6 17. Rb1 Bc8 18. g4 Qc7 19. Qc2 b5 20. cxb5 axb5 21. Bf1 b4
22. Na4 Qa7 23. Be3 Ba6 24. Bxa6 Qxa6 25. Re2 Rec8 26. Rc1 Ra8 27. Qc4 Qxc4 28.
Rxc4 Rcb8 29. Bf2 f6 30. Bg3 Rb7 31. Kg2 Kf7 32. e5 fxe5 33. fxe5 Bxe5 34. Bxe5
Nxe5 35. Rf4+ Kg7 36. Rfe4 Ra5 37. Kg3 g5 38. h4 gxh4+ 39. Kxh4 c4 40. Nb2 c3
41. Nc4 Rxd5 42. Nxe5 Rxe5 43. Rxe5 dxe5 44. Rxe5 Rc7 45. Re1 c2 46. Rc1 Kf6
47. Kg3 Kg5 48. Kf3 Rc3+ 49. Ke4 Kxg4 50. Kd4 Rc7 51. Kd3 h5 52. Ke2 h4 53.
Rg1+ Kf4 54. Rc1 h3 55. Kf2 e5 0-1

[Event "17th Rakosmente Open"]
[Site "1174 Szabadság utca 24. I. em"]
[Date "2019.03.17"]
[Round "5.3"]
[White "Bellan, Istvan"]
[Black "Hornyak, Geza"]
[Result "1-0"]
[WhiteElo "1870"]
[BlackElo "1547"]
[PlyCount "67"]
[EventDate "2019.03.15"]

1. e4 c5 2. Nf3 Nc6 3. d4 cxd4 4. Nxd4 e5 5. Nb5 d6 6. N1c3 a6 7. Na3 b5 8. Nd5
Nge7 9. c3 Nxd5 10. exd5 Ne7 11. g3 Qc7 12. Bg2 Bd7 13. O-O g6 14. Bg5 h6 15.
Bf6 Rh7 16. f4 Ng8 17. fxe5 Nxf6 18. exf6 O-O-O 19. Nc2 Qb6+ 20. Nd4 h5 21. h3
Bh6 22. Qd3 Bg5 23. a4 Kb7 24. Kh2 Rhh8 25. axb5 Bxb5 26. c4 Bd7 27. b4 Rde8
28. c5 Bb5 29. Nxb5 Qxb5 30. c6+ Kc7 31. Qxb5 axb5 32. Ra7+ Kb8 33. Rb7+ Kc8
34. Ra1 1-0

[Event "17th Rakosmente Open"]
[Site "1174 Szabadság utca 24. I. em"]
[Date "2019.03.17"]
[Round "5.4"]
[White "Szurkos, Andras"]
[Black "Szoukup, Istvan"]
[Result "1-0"]
[WhiteElo "1689"]
[BlackElo "1555"]
[PlyCount "105"]
[EventDate "2019.03.15"]

1. e4 e5 2. Bc4 Nc6 3. Nf3 Nf6 4. Ng5 d5 5. exd5 Na5 6. Bb5+ c6 7. dxc6 bxc6 8.
Qf3 e4 9. Nxe4 Nxe4 10. Qxe4+ Qe7 11. Qxe7+ Bxe7 12. Ba4 Bd7 13. d3 O-O 14. O-O
Rfe8 15. Be3 Nb7 16. Nd2 Nc5 17. Bxc5 Bxc5 18. Ne4 Bf8 19. c3 Kh8 20. b4 h6 21.
Bc2 f5 22. Ng3 g6 23. Rfe1 h5 24. d4 Bh6 25. Nf1 Kg7 26. a4 Kf6 27. Bd3 Rxe1
28. Rxe1 Re8 29. Rxe8 Bxe8 30. g3 Bc1 31. Ne3 Bf7 32. b5 Be8 33. Kf1 Bb2 34.
Nd1 Ba1 35. Ke2 cxb5 36. Bxb5 Bf7 37. Kd3 Bb3 38. Ne3 Bb2 39. c4 a6 40. Bxa6
Bxa4 41. Bb5 Bb3 42. h4 Ba2 43. c5 Bb1+ 44. Kc4 Ba2+ 45. Kd3 Bb1+ 46. Kc4 Ba2+
47. Kb4 Bxd4 48. c6 Bb6 49. Bc4 Bb1 50. Nd5+ Ke6 51. Nxb6+ Kd6 52. Kb5 Be4 53.
Nd5 1-0

[Event "17th Rakosmente Open"]
[Site "1174 Szabadság utca 24. I. em"]
[Date "2019.03.17"]
[Round "5.5"]
[White "Timko, Gyula"]
[Black "Novak, Levente Peter"]
[Result "0-1"]
[WhiteElo "1574"]
[BlackElo "1637"]
[PlyCount "96"]
[EventDate "2019.03.15"]

1. Nf3 d5 2. d4 Nf6 3. g3 c5 4. c3 Nc6 5. Bg2 Bf5 6. O-O e6 7. e3 Bd6 8. Ne5
Nxe5 9. dxe5 Bxe5 10. Nd2 O-O 11. Nf3 Bd6 12. Nh4 Bg4 13. f3 Bh5 14. g4 Nxg4
15. fxg4 Qxh4 16. Rf4 Bxf4 17. exf4 Qxg4 18. Qxg4 Bxg4 19. Be3 Rac8 20. c4 d4
21. Bd2 Be2 22. b3 Rb8 23. Re1 d3 24. Kf2 b5 25. cxb5 Rxb5 26. Bc6 Rb6 27. Bg2
f6 28. Rc1 Rc8 29. Rc4 e5 30. Bd5+ Kf8 31. f5 g6 32. Be4 g5 33. h4 h6 34. Bd5
Ke7 35. Ra4 a6 36. Be3 Rb4 37. Rxa6 Rxh4 38. Re6+ Kf8 39. Rxf6+ Kg7 40. Rf7+
Kh8 41. f6 Bh5 42. Re7 Rh2+ 43. Ke1 Re2+ 44. Kd1 Rxe3+ 45. Kd2 Re2+ 46. Kxd3
Rf8 47. f7 Rf2 48. Re8 Rxe8 0-1

[Event "17th Rakosmente Open"]
[Site "1174 Szabadság utca 24. I. em"]
[Date "2019.03.17"]
[Round "5.7"]
[White "Kovacs, Reka"]
[Black "Soti, Szabolcs"]
[Result "1-0"]
[WhiteElo "1252"]
[BlackElo "1412"]
[PlyCount "73"]
[EventDate "2019.03.15"]

1. e4 e5 2. Nf3 Nc6 3. Bb5 d6 4. d4 Bd7 5. Nc3 Nf6 6. O-O Qe7 7. Bg5 h6 8. Nd5
Qd8 9. Nxf6+ gxf6 10. Bh4 Be7 11. d5 Nb4 12. Qe2 c6 13. Bc4 Rg8 14. Kh1 f5 15.
Bxe7 Qxe7 16. c3 fxe4 17. Qxe4 cxd5 18. Bxd5 Nxd5 19. Qxd5 Bc6 20. Qd1 O-O-O
21. a4 Qf6 22. Rg1 Rg6 23. Ra3 Rdg8 24. c4 h5 25. b4 b6 26. a5 h4 27. axb6 axb6
28. b5 Bb7 29. Qe2 h3 30. g3 e4 31. Ne1 e3+ 32. f3 Qf4 33. Rxe3 Kd7 34. Re7+
Kc8 35. Re8+ Rxe8 36. Qxe8+ Kc7 37. gxf4 1-0